00229nam a2200097Ia 4500008004100000100001600041245002800057260002200085942000700107999001700114190216s9999||||xx |||||||||||||| ||und|| aVijayan M R 0aMannum Sasya Poshanavum bKerala Basha Inst cBK c37831d37831